A fekete tulipán

Bibliographic Details
Main Author: Dumas, Alexandre, 1802-1870 (Author)
Format: Book
Language:Hungarian
French
Published: Budapest Európa 1967

MARC

LEADER 00000cam a2200000 a 4500
001 vtls001373025
003 SK-MaSNL
005 20260302034232.0
008 210928s1967 hu 0000f hun
035 |a SNK000326887 
040 |a SNK  |b slo  |c SNK  |e AACR2 
041 1 |a hun  |h fre 
044 |a hu  |c HU 
100 1 |a Dumas, Alexandre,  |d 1802-1870  |4 aut  |9 209232 
245 1 2 |a A fekete tulipán  |c Alexandre Dumas 
260 |a Budapest  |b Európa  |c 1967 
300 |a 227 s. 
958 |a OND 
999 |c 1065430  |d 1067360 
952 |t P60, <04>, [BOOK], {604}  |a SNK  |b SNK  |y VYP  |7 0  |p 17A0211623  |o snkSD 31291 D1  |0 0  |1 0  |4 0  |d 1999-09-22  |l 0  |r 2005-01-02 00:00:00  |w 2026-02-24 
952 |a SNK  |b SNK  |y PREZ  |7 0  |p 17A0822260  |o snkSD 31291   |0 0  |1 0  |4 0  |d 2013-08-12  |l 0  |r 2026-02-24 15:38:24  |w 2026-02-24